| 000 | 00655nam a2200229Ia 4500 | ||
|---|---|---|---|
| 005 | 20240120105016.0 | ||
| 008 | 131103s9999 xx 000 0 und d | ||
| 020 | _aSBN:582824416 | ||
| 040 | _aLoreto College | ||
| 041 | _aEnglish | ||
| 082 |
_a370 _bTAY |
||
| 100 | _aTaylor,George | ||
| 245 |
_aBorn and Bred Unequal, _cGeorge Taylor and N.Ayres |
||
| 260 |
_aLondon _bLongman _c1970 ( 1971 printing) |
||
| 300 |
_a132 p. _b illus,tables,fig.,map |
||
| 440 | _aLongman sociology of education | ||
| 504 | _aIncludes bibliographical references and index | ||
| 650 | _aEducation | ||
| 700 | _aAyres,N;auth. | ||
| 850 | _aLCLIB | ||
| 942 | _cBK | ||
| 999 |
_c10290 _d60769 |
||